[Event "Junior Online 4NCL Division 2"]
[Site "online"]
[Date "2020.04.23"]
[Round "2.25"]
[White "Moore, Eoin"]
[Black "Carter, Thomas"]
[Result "1-0"]
[WhiteElo "1735"]
[BlackElo "1592"]
[PlyCount "51"]
[EventDate "2020.04.23"]
[WhiteTeam "KJCA Young Kestrels B"]
[BlackTeam "Downend Upstarts"]

1. d4 d5 2. c4 c6 3. Nc3 Bf5 4. cxd5 cxd5 5. Qb3 Qd7 6. Qxd5 Qxd5 7. Nxd5 Na6
8. e3 O-O-O 9. Bxa6 Rxd5 10. Bc4 Rd8 11. Nf3 e6 12. Bd2 Nf6 13. Rc1 Kb8 14. O-O
Bd6 15. Rfe1 Ne4 16. Bc3 f6 17. Nh4 Nxc3 18. bxc3 Bg6 19. Bxe6 Bh5 20. Nf5 Ba3
21. Rb1 Rhe8 22. Nxg7 Rxe6 23. Nxe6 Rg8 24. Nf4 Bf7 25. Rb5 Bxa2 26. Ra5 1-0

[Event "Junior Online 4NCL Division 2"]
[Site "online"]
[Date "2020.04.23"]
[Round "2.26"]
[White "Ahmed, Bilal"]
[Black "Ratnesan, Radha"]
[Result "0-1"]
[WhiteElo "1570"]
[BlackElo "1697"]
[PlyCount "60"]
[EventDate "2020.04.23"]
[WhiteTeam "Downend Upstarts"]
[BlackTeam "KJCA Young Kestrels B"]

1. e4 e6 2. d4 d5 3. Nd2 c5 4. exd5 exd5 5. Ngf3 Nc6 6. dxc5 Bxc5 7. Bd3 Nf6 8.
O-O O-O 9. b3 Bg4 10. Bb2 Re8 11. h3 Bh5 12. Re1 Qd7 13. Be2 Qd6 14. Nh2 Bxe2
15. Rxe2 Rxe2 16. Qxe2 Re8 17. Qf1 Qf4 18. Ndf3 Ne4 19. Re1 Rd8 20. Re2 Ng3 21.
Qe1 Nxe2+ 22. Qxe2 Nd4 23. Qd3 Nxf3+ 24. Nxf3 Qd6 25. Nd4 Re8 26. Qd2 Bb4 27.
Bc3 Bxc3 28. Qxc3 Qe5 29. Qd3 Qd6 30. Nf5 Re1+ 0-1

[Event "Junior Online 4NCL Division 2"]
[Site "online"]
[Date "2020.04.23"]
[Round "2.27"]
[White "Brightley-Davies, Ciaran"]
[Black "Goodhew, Finn"]
[Result "0-1"]
[WhiteElo "1637"]
[BlackElo "1562"]
[PlyCount "78"]
[EventDate "2020.04.23"]
[WhiteTeam "KJCA Young Kestrels B"]
[BlackTeam "Downend Upstarts"]

1. e4 e6 2. d4 d5 3. Nd2 dxe4 4. Nxe4 Nd7 5. Nf3 Ngf6 6. Bd3 Nxe4 7. Bxe4 Nf6
8. Qe2 c5 9. Bg5 Be7 10. Bxf6 Bxf6 11. dxc5 Bxb2 12. Rd1 Bc3+ 13. Nd2 O-O 14.
O-O Qe7 15. Nb3 Rb8 16. Rd3 Bb4 17. Rh3 g6 18. Qe3 Qf6 19. f4 Bd7 20. Kh1 Bb5
21. Rff3 Rfd8 22. Bd3 Bxd3 23. cxd3 a5 24. Rh6 a4 25. Nc1 Qa1 26. Rf1 Qb2 27.
Ne2 Qg7 28. Rh4 Rd5 29. d4 Rbd8 30. Rd1 Ba5 31. a3 Bc7 32. Nc3 Rxd4 33. Rxd4
Rxd4 34. h3 Qf6 35. Rh6 Bxf4 36. Ne4 Rd1+ 37. Qg1 Rxg1+ 38. Kxg1 Qa1+ 39. Kf2
Bxh6 0-1

[Event "Junior Online 4NCL Division 2"]
[Site "online"]
[Date "2020.04.23"]
[Round "2.28"]
[White "Mullaney, William"]
[Black "Mehta, Shaurya"]
[Result "0-1"]
[WhiteElo "1600"]
[BlackElo "1615"]
[PlyCount "50"]
[EventDate "2020.04.23"]
[WhiteTeam "Downend Upstarts"]
[BlackTeam "KJCA Young Kestrels B"]

1. d4 d5 2. Nf3 Bf5 3. g3 Nf6 4. Bg2 Nc6 5. O-O e6 6. c3 Be7 7. Nbd2 O-O 8. Nb3
a5 9. a4 Qb8 10. Bf4 Bd6 11. Ne5 Bxe5 12. Bxe5 Nxe5 13. dxe5 Nd7 14. Qd4 b5 15.
e4 bxa4 16. Qxa4 dxe4 17. Nd4 Nxe5 18. Nb5 Nf3+ 19. Kh1 e5 20. Rad1 Qc8 21. Na3
Bh3 22. Qxe4 Bxg2+ 23. Kxg2 Ng5 24. Qxe5 Qh3+ 25. Kh1 Nf3 0-1

[Event "Junior Online 4NCL Division 2"]
[Site "online"]
[Date "2020.04.23"]
[Round "2.31"]
[White "Moran, Hugh"]
[Black "Auchi, Nadhmi"]
[Result "1/2-1/2"]
[WhiteElo "1673"]
[BlackElo "1922"]
[PlyCount "136"]
[EventDate "2020.04.23"]
[WhiteTeam "Gonzaga College SJ B"]
[BlackTeam "Hammersmith 1"]

1. e4 e6 2. d3 d5 3. Nd2 c5 4. Ngf3 Nc6 5. g3 Nf6 6. Bg2 Bd6 7. O-O O-O 8. Re1
Qc7 9. Qe2 Nd7 10. c3 b6 11. Nf1 Ba6 12. Qc2 dxe4 13. dxe4 Rad8 14. h4 Nce5 15.
N1h2 Nd3 16. Rd1 c4 17. Ne1 Bc5 18. Nxd3 cxd3 19. Qa4 Nb8 20. Bf4 e5 21. Bd2 b5
22. Qb3 Nc6 23. Rf1 Na5 24. Qd1 Nc4 25. b3 Nd6 26. Qg4 Qd7 27. Qxd7 Rxd7 28.
Bh3 Rdd8 29. Rfe1 Bb7 30. Bg2 f5 31. exf5 Bxg2 32. Kxg2 Rxf5 33. Be3 Bxe3 34.
Rxe3 e4 35. f3 exf3+ 36. Nxf3 Nb7 37. Nd4 Rfd5 38. Rxd3 Nc5 39. Re3 a6 40. Rae1
h6 41. Kh3 Rf8 42. Ne6 Nxe6 43. Rxe6 a5 44. R6e5 Rfd8 45. c4 bxc4 46. bxc4 Rd4
47. c5 Rc4 48. c6 a4 49. Re8+ Rxe8 50. Rxe8+ Kf7 51. Rc8 Ke7 52. c7 Kd7 53. Rg8
Kxc7 54. Rxg7+ Kb6 55. Rg6+ Kb5 56. Rxh6 Rc2 57. Re6 Rxa2 58. h5 a3 59. h6 Rf2
60. h7 Rf8 61. Re7 Kb4 62. Rb7+ Kc4 63. Ra7 Kb3 64. Rb7+ Kc2 65. Ra7 Kb2 66.
Rb7+ Kc2 67. Ra7 Kb2 68. Rb7+ Kc2 1/2-1/2

[Event "Junior Online 4NCL Division 2"]
[Site "online"]
[Date "2020.04.23"]
[Round "2.32"]
[White "Banerji, Kumar"]
[Black "McGlade, Emmet"]
[Result "1-0"]
[WhiteElo "1705"]
[BlackElo "1625"]
[PlyCount "77"]
[EventDate "2020.04.23"]
[WhiteTeam "Hammersmith 1"]
[BlackTeam "Gonzaga College SJ B"]

1. e4 c6 2. d4 d5 3. Nc3 dxe4 4. Nxe4 Bf5 5. Ng3 Bg6 6. h4 h6 7. Nf3 Nd7 8. h5
Bh7 9. Bd3 Bxd3 10. Qxd3 e6 11. Bf4 Qa5+ 12. c3 Ngf6 13. Be5 Be7 14. O-O O-O
15. b4 Qb6 16. Rab1 Nxe5 17. Nxe5 Bd6 18. f4 Rad8 19. Ne4 Nxh5 20. Nxd6 Rxd6
21. Nc4 Qc7 22. Nxd6 Qxd6 23. Qf3 Nf6 24. a4 Nd5 25. a5 b6 26. axb6 axb6 27.
Ra1 c5 28. bxc5 bxc5 29. f5 exf5 30. Ra5 Rb8 31. Rxc5 Ne7 32. Qf4 Qb6 33. c4
Rd8 34. Qc7 Qd6 35. Qxd6 Rxd6 36. Rc7 Kf8 37. Rb1 Rd8 38. Rbb7 Re8 39. d5 1-0

[Event "Junior Online 4NCL Division 2"]
[Site "online"]
[Date "2020.04.23"]
[Round "2.33"]
[White "Tempany, Max"]
[Black "McBrinn, Conall"]
[Result "1-0"]
[WhiteElo "1551"]
[BlackElo "1667"]
[PlyCount "57"]
[EventDate "2020.04.23"]
[WhiteTeam "Gonzaga College SJ B"]
[BlackTeam "Hammersmith 1"]

1. e4 e6 2. d4 d5 3. Nc3 Nf6 4. e5 Nfd7 5. f4 c5 6. Nf3 Nc6 7. Be3 Qb6 8. Na4
Qa5+ 9. c3 cxd4 10. b4 Qc7 11. Nxd4 Be7 12. Bd3 a6 13. O-O b5 14. Nb2 Nb6 15.
Qg4 g6 16. a4 Nxd4 17. Bxd4 bxa4 18. Nxa4 Nxa4 19. Rxa4 Qb7 20. Rfa1 h5 21. Qg3
h4 22. Qg4 Bd8 23. Bxa6 Rxa6 24. Rxa6 Qb5 25. Ra7 Qd3 26. Ra8 Bb7 27. Rb8 Bc6
28. Qg5 f6 29. Qxf6 1-0

[Event "Junior Online 4NCL Division 2"]
[Site "online"]
[Date "2020.04.23"]
[Round "2.34"]
[White "Aserkoff, Daniel"]
[Black "Hunter, Sean"]
[Result "0-1"]
[WhiteElo "1562"]
[BlackElo "1582"]
[PlyCount "66"]
[EventDate "2020.04.23"]
[WhiteTeam "Hammersmith 1"]
[BlackTeam "Gonzaga College SJ B"]

1. e4 e5 2. Nf3 Nc6 3. d4 exd4 4. Nxd4 Nf6 5. Nxc6 bxc6 6. Bd3 d6 7. Nc3 Be7 8.
Bf4 O-O 9. O-O Re8 10. Qd2 Rb8 11. b3 d5 12. exd5 cxd5 13. Rfe1 Be6 14. Be5 d4
15. Ne4 Bb4 16. Nxf6+ gxf6 17. Bxh7+ Kxh7 18. Qd3+ Kh8 19. Re2 fxe5 20. Rxe5
Qf6 21. Rh5+ Kg8 22. Qg3+ Kf8 23. Rg5 Bd6 24. Rg8+ Ke7 25. Rxe8+ Rxe8 26. Qd3
Bf5 27. Re1+ Kf8 28. Rxe8+ Kxe8 29. Qb5+ Kf8 30. Qb8+ Kg7 31. Qb7 Qe5 32. g3
Qe1+ 33. Kg2 Be4+ 0-1

[Event "Junior Online 4NCL Division 2"]
[Site "online"]
[Date "2020.04.23"]
[Round "2.35"]
[White "Auchi, Nadhmi"]
[Black "Moran, Hugh"]
[Result "1-0"]
[WhiteElo "1922"]
[BlackElo "1673"]
[PlyCount "125"]
[EventDate "2020.04.23"]
[WhiteTeam "Hammersmith 1"]
[BlackTeam "Gonzaga College SJ B"]

1. e4 d6 2. d4 Nf6 3. Nc3 e5 4. Nf3 Nbd7 5. Bc4 Be7 6. O-O O-O 7. dxe5 dxe5 8.
Be3 Ng4 9. Bd2 Ngf6 10. Re1 c6 11. a4 a5 12. h3 Qc7 13. Be3 Nc5 14. Bxc5 Bxc5
15. Qe2 Nh5 16. Qf1 Nf4 17. Ne2 Ne6 18. Red1 b6 19. Qe1 Ba6 20. Bxa6 Rxa6 21.
Qc3 f6 22. Qc4 Raa8 23. Qxe6+ Kh8 24. Qd7 Qd8 25. Qxc6 Qe7 26. Qd7 Qxd7 27.
Rxd7 f5 28. exf5 Rxf5 29. Ng3 Rf6 30. Rad1 h6 31. Rd8+ Rxd8 32. Rxd8+ Kh7 33.
Ne4 Rc6 34. Nxe5 Re6 35. Nxc5 Rxe5 36. Nd3 Re2 37. Rc8 Re4 38. b3 Re6 39. Kf1
h5 40. Nf4 Re5 41. Rh8+ Kxh8 42. Ng6+ Kg8 43. Nxe5 Kf8 44. Nd7+ Ke7 45. Nxb6
Kd6 46. Nc4+ Kc5 47. Nxa5 Kb4 48. Nc6+ Kc3 49. a5 Kxc2 50. a6 Kxb3 51. a7 g5
52. a8=Q Kc4 53. Ne5+ Kd4 54. Nf3+ Kc5 55. Ke2 Kd6 56. Kd3 Kc5 57. Qa5+ Kd6 58.
Kd4 Ke6 59. Qe5+ Kd7 60. Kd5 Kd8 61. Qg7 Ke8 62. Ke6 Kd8 63. Qd7# 1-0

[Event "Junior Online 4NCL Division 2"]
[Site "online"]
[Date "2020.04.23"]
[Round "2.36"]
[White "McGlade, Emmet"]
[Black "Banerji, Kumar"]
[Result "0-1"]
[WhiteElo "1625"]
[BlackElo "1705"]
[PlyCount "32"]
[EventDate "2020.04.23"]
[WhiteTeam "Gonzaga College SJ B"]
[BlackTeam "Hammersmith 1"]

1. e4 g6 2. d4 Bg7 3. Nc3 c5 4. dxc5 Bxc3+ 5. bxc3 Qc7 6. Qd4 Nf6 7. e5 Nc6 8.
Qd1 Qxe5+ 9. Be2 Qxc3+ 10. Bd2 Qxc5 11. Be3 Qd5 12. Qc1 O-O 13. Bf3 Qa5+ 14.
Bd2 Qe5+ 15. Ne2 Nd4 16. Qa3 Nxc2+ 0-1

[Event "Junior Online 4NCL Division 2"]
[Site "online"]
[Date "2020.04.23"]
[Round "2.37"]
[White "McBrinn, Conall"]
[Black "Tempany, Max"]
[Result "1-0"]
[WhiteElo "1667"]
[BlackElo "1551"]
[PlyCount "83"]
[EventDate "2020.04.23"]
[WhiteTeam "Hammersmith 1"]
[BlackTeam "Gonzaga College SJ B"]

1. d4 Nf6 2. c4 g6 3. Nc3 d5 4. cxd5 Nxd5 5. e4 Nxc3 6. bxc3 Bg7 7. Bd3 c5 8.
Nf3 Nc6 9. Be3 Bg4 10. Bb5 O-O 11. Bxc6 bxc6 12. h3 Bxf3 13. gxf3 Qa5 14. Qd2
Rfd8 15. Rd1 Rab8 16. O-O cxd4 17. cxd4 Qxd2 18. Rxd2 Rb4 19. Rfd1 e6 20. d5
exd5 21. exd5 cxd5 22. Rxd5 Rxd5 23. Rxd5 h5 24. Bxa7 Ra4 25. Be3 Kf8 26. Bc5+
Ke8 27. a3 Bb2 28. Rd3 Rf4 29. Kg2 h4 30. Rb3 Bc1 31. Rb1 Bd2 32. Bb4 Bxb4 33.
Rxb4 Rxb4 34. axb4 g5 35. f4 gxf4 36. Kf3 Kd7 37. Kxf4 Kc6 38. Kg4 Kb5 39. Kxh4
Kxb4 40. Kg5 Kc5 41. h4 Kd6 42. Kf6 1-0

[Event "Junior Online 4NCL Division 2"]
[Site "online"]
[Date "2020.04.23"]
[Round "2.38"]
[White "Hunter, Sean"]
[Black "Aserkoff, Daniel"]
[Result "1-0"]
[WhiteElo "1582"]
[BlackElo "1562"]
[PlyCount "125"]
[EventDate "2020.04.23"]
[WhiteTeam "Gonzaga College SJ B"]
[BlackTeam "Hammersmith 1"]

1. e4 e5 2. Nf3 Nc6 3. Bc4 Nf6 4. Nc3 Bc5 5. d3 d6 6. Be3 Bb6 7. Qe2 Bg4 8. h3
Bh5 9. g4 Bg6 10. O-O-O Bxe3+ 11. fxe3 Qd7 12. Kb1 a6 13. Nh4 h6 14. Nxg6 fxg6
15. Nd5 Nxd5 16. Bxd5 O-O-O 17. Rdf1 Rhf8 18. Rxf8 Rxf8 19. Rf1 Qe7 20. h4
Rxf1+ 21. Qxf1 Qf6 22. Qxf6 gxf6 23. Kc1 Kd7 24. Kd2 b6 25. a3 Ne7 26. Ke2 Nxd5
27. exd5 c6 28. dxc6+ Kxc6 29. e4 Kd7 30. Ke3 Ke6 31. c4 f5 32. exf5+ gxf5 33.
gxf5+ Kxf5 34. Kf3 h5 35. a4 Ke6 36. Ke4 a5 37. b3 Kf6 38. Kd5 Kf5 39. Kxd6 Kg4
40. Kxe5 Kxh4 41. d4 Kg4 42. c5 bxc5 43. dxc5 h4 44. c6 h3 45. c7 h2 46. c8=Q+
Kg3 47. Qh8 Kg2 48. Kd5 h1=Q 49. Qxh1+ Kxh1 50. Kc5 Kg2 51. Kb5 Kf3 52. Kxa5
Ke4 53. Kb6 Kd5 54. a5 Kd6 55. Kb7 Kc5 56. a6 Kb5 57. a7 Kb4 58. a8=Q Kxb3 59.
Qa5 Kc4 60. Qe5 Kd3 61. Qf4 Kc3 62. Qe4 Kd2 63. Qf3 1-0

[Event "Junior Online 4NCL Division 2"]
[Site "online"]
[Date "2020.04.23"]
[Round "2.41"]
[White "Monga, Kanav"]
[Black "Pert, Nina"]
[Result "0-1"]
[WhiteElo "1645"]
[BlackElo "1772"]
[PlyCount "38"]
[EventDate "2020.04.23"]
[WhiteTeam "Hallfield School A"]
[BlackTeam "Brentwood 1"]

1. d4 e6 2. Bf4 f5 3. e3 Nf6 4. Nf3 Be7 5. Nc3 b6 6. Bd3 Bb7 7. Qe2 O-O 8.
O-O-O c5 9. e4 fxe4 10. Bxe4 Nxe4 11. Nxe4 Rxf4 12. Ng3 Nc6 13. d5 exd5 14.
Rhe1 d4 15. Ne5 Bg5 16. Kb1 Nxe5 17. Qxe5 Rxf2 18. Nf5 Bf6 19. Qd6 Rxf5 0-1

[Event "Junior Online 4NCL Division 2"]
[Site "online"]
[Date "2020.04.23"]
[Round "2.42"]
[White "Pert, Max"]
[Black "Amir, Zain"]
[Result "1-0"]
[WhiteElo "1727"]
[BlackElo "1562"]
[PlyCount "57"]
[EventDate "2020.04.23"]
[WhiteTeam "Brentwood 1"]
[BlackTeam "Hallfield School A"]

1. e4 Nc6 2. Nf3 d6 3. d4 Bg4 4. d5 Ne5 5. Nxe5 Bxd1 6. Bb5+ c6 7. dxc6 Qa5+ 8.
Nc3 bxc6 9. Bxc6+ Kd8 10. Nxf7+ Kc7 11. Bxa8 Kb8 12. Bd5 Nf6 13. Nxh8 Bxc2 14.
Bd2 Qb6 15. O-O Kc7 16. Rac1 Bd3 17. Na4+ Qc5 18. Nxc5 dxc5 19. Rxc5+ Kb6 20.
Rfc1 e6 21. Rc6+ Kb5 22. Bxe6 Bxe4 23. a4+ Kxa4 24. R6c4+ Kb3 25. Rxe4+ Kxb2
26. Re3 Bc5 27. Rb3+ Ka2 28. Rb5+ Ka3 29. Ra1# 1-0

[Event "Junior Online 4NCL Division 2"]
[Site "online"]
[Date "2020.04.23"]
[Round "2.43"]
[White "Miller, Kai"]
[Black "Molostvov, Dmitry M"]
[Result "0-1"]
[WhiteElo "1390"]
[BlackElo "1592"]
[PlyCount "42"]
[EventDate "2020.04.23"]
[WhiteTeam "Hallfield School A"]
[BlackTeam "Brentwood 1"]

1. e4 c5 2. c3 d5 3. exd5 Qxd5 4. d4 cxd4 5. cxd4 Nc6 6. Nc3 Qxd4 7. Bd3 Nf6 8.
Nf3 Qd8 9. O-O e6 10. a3 Bd6 11. Bg5 h6 12. Bh4 g5 13. Nxg5 hxg5 14. Bxg5 Bxh2+
15. Kh1 Bf4+ 16. Kg1 Bxg5 17. Re1 Qc7 18. g3 b6 19. Ne4 Bb7 20. Nxg5 Nd4 21.
Re3 Rh1# 0-1

[Event "Junior Online 4NCL Division 2"]
[Site "online"]
[Date "2020.04.23"]
[Round "2.44"]
[White "Horton, Jake H"]
[Black "Pasha, Farhaan"]
[Result "0-1"]
[WhiteElo "1435"]
[BlackElo "1382"]
[PlyCount "136"]
[EventDate "2020.04.23"]
[WhiteTeam "Brentwood 1"]
[BlackTeam "Hallfield School A"]

1. e4 e5 2. Nf3 Nc6 3. Bc4 Bc5 4. Nc3 d6 5. d3 Nf6 6. Bg5 h6 7. Bh4 Be6 8. Bxe6
fxe6 9. Na4 Bb6 10. Nxb6 axb6 11. d4 exd4 12. Nxd4 e5 13. Bxf6 Qxf6 14. Qh5+
Kd7 15. Qg4+ Ke8 16. Ne6 Rc8 17. Nxg7+ Kd8 18. Ne6+ Ke8 19. Qh5+ Kd7 20. Ng7
Qxg7 21. Qf5+ Kd8 22. O-O-O Ra8 23. Rhg1 Rxa2 24. Kb1 Ra8 25. f3 Rf8 26. Qh3
Nd4 27. c3 Nb5 28. Qh4+ Kc8 29. Qh3+ Kb8 30. Qe6 Qf7 31. Qxf7 Rxf7 32. Rd5 Na7
33. Rgd1 Nc6 34. R1d3 Rg7 35. g3 h5 36. f4 exf4 37. Rxh5 fxg3 38. hxg3 Rg8 39.
Rh4 Ne5 40. Rd5 Rf8 41. Rd4 Nf3 42. Rf4 Rxf4 43. gxf4 Nxd4 44. f5 Kc8 45. f6
Kd8 46. Kc1 Ke8 47. cxd4 Kf7 48. e5 dxe5 49. dxe5 Re8 50. e6+ Rxe6 51. Kc2 Rxf6
52. Kb3 c5 53. Kc4 Rf5 54. b3 Ke6 55. Kb5 c4+ 56. Kxc4 Rc5+ 57. Kb4 Kd6 58. Ka4
b5+ 59. Ka5 Kd5 60. Kb6 b4 61. Kxb7 Rc3 62. Kb6 Rxb3 63. Ka5 Kc4 64. Ka4 Rh3
65. Ka5 b3 66. Ka4 b2 67. Ka5 b1=Q 68. Ka6 Ra3# 0-1

[Event "Junior Online 4NCL Division 2"]
[Site "online"]
[Date "2020.04.23"]
[Round "2.45"]
[White "Pert, Nina"]
[Black "Monga, Kanav"]
[Result "0-1"]
[WhiteElo "1772"]
[BlackElo "1645"]
[PlyCount "52"]
[EventDate "2020.04.23"]
[WhiteTeam "Brentwood 1"]
[BlackTeam "Hallfield School A"]

1. e4 c5 2. Nf3 d6 3. d4 cxd4 4. Nxd4 Nf6 5. Nc3 g6 6. f4 Bg4 7. Bb5+ Nbd7 8.
Qd3 Bg7 9. h3 Be6 10. Nxe6 fxe6 11. Be3 O-O 12. O-O-O a6 13. Bxd7 Nxd7 14. g4
Qa5 15. Bd4 e5 16. fxe5 Nxe5 17. Bxe5 Bxe5 18. Qc4+ Kh8 19. Rd5 b5 20. Qb3 Rac8
21. Nb1 Rf2 22. Rd2 Bf4 23. Qd5 Qa4 24. b3 Qxa2 25. Qd4+ e5 26. Qxf2 Qxc2# 0-1

[Event "Junior Online 4NCL Division 2"]
[Site "online"]
[Date "2020.04.23"]
[Round "2.46"]
[White "Amir, Zain"]
[Black "Pert, Max"]
[Result "1/2-1/2"]
[WhiteElo "1562"]
[BlackElo "1727"]
[PlyCount "88"]
[EventDate "2020.04.23"]
[WhiteTeam "Hallfield School A"]
[BlackTeam "Brentwood 1"]

1. c4 e5 2. Nc3 Nc6 3. g3 Bc5 4. Bg2 d6 5. e3 a6 6. Nge2 Ba7 7. O-O h5 8. d3 h4
9. e4 hxg3 10. hxg3 Bg4 11. Qd2 Qf6 12. Nd5 Qd8 13. Qg5 Qxg5 14. Bxg5 Rc8 15.
Nec3 f6 16. Bd2 Bh3 17. Bxh3 Rxh3 18. Kg2 Rh8 19. Rh1 Rxh1 20. Rxh1 Kf7 21. Be3
Bxe3 22. Nxe3 Nge7 23. Ned5 Nxd5 24. Nxd5 Ne7 25. Nxe7 Kxe7 26. Kf3 Kf7 27. Kg4
Kg6 28. f4 Rb8 29. f5+ Kf7 30. Kh5 b5 31. Rb1 bxc4 32. dxc4 Rb4 33. b3 a5 34.
g4 a4 35. g5 Rb8 36. gxf6 gxf6 37. Rb2 a3 38. Rd2 Rh8+ 39. Kg4 Ke7 40. Kg3 c5
41. Kg4 Kd7 42. Kg3 Ke7 43. Kg4 Kd7 44. Kg3 Ke7 1/2-1/2

[Event "Junior Online 4NCL Division 2"]
[Site "online"]
[Date "2020.04.23"]
[Round "2.47"]
[White "Molostvov, Dmitry M"]
[Black "Miller, Kai"]
[Result "1-0"]
[WhiteElo "1592"]
[BlackElo "1390"]
[PlyCount "75"]
[EventDate "2020.04.23"]
[WhiteTeam "Brentwood 1"]
[BlackTeam "Hallfield School A"]

1. e4 e5 2. Nf3 Nc6 3. c3 Bc5 4. d4 exd4 5. cxd4 Bb4+ 6. Nc3 Nf6 7. a3 Ba5 8.
b4 Bb6 9. e5 Ng8 10. Bc4 Nge7 11. d5 Nb8 12. d6 Nf5 13. Ng5 O-O 14. Qh5 Nh6 15.
Bxf7+ Rxf7 16. Nxf7 Nxf7 17. Nd5 Nc6 18. Nxb6 axb6 19. Bb2 Qe8 20. dxc7 Qe7 21.
O-O Ncxe5 22. Bxe5 Nxe5 23. Rfe1 d6 24. f4 Bg4 25. Qxg4 Nxg4 26. Rxe7 Rc8 27.
Rd7 Nf6 28. Rd8+ Rxd8 29. cxd8=Q+ Kf7 30. Re1 Kg6 31. f5+ Kxf5 32. g3 Ne4 33.
Qf8+ Ke5 34. Qe8+ Kf5 35. Qxe4+ Kg5 36. Qf4+ Kg6 37. Re6+ Kh5 38. Qh4# 1-0

[Event "Junior Online 4NCL Division 2"]
[Site "online"]
[Date "2020.04.23"]
[Round "2.48"]
[White "Pasha, Farhaan"]
[Black "Horton, Jake H"]
[Result "1-0"]
[WhiteElo "1382"]
[BlackElo "1435"]
[PlyCount "69"]
[EventDate "2020.04.23"]
[WhiteTeam "Hallfield School A"]
[BlackTeam "Brentwood 1"]

1. e4 e5 2. Nf3 Nc6 3. Bc4 Bc5 4. d3 Nf6 5. Nc3 d6 6. Bg5 Bg4 7. h3 Bh5 8. Nd5
Nd4 9. Nxf6+ gxf6 10. g4 Bxg4 11. hxg4 fxg5 12. Nxd4 Bxd4 13. Qf3 Qe7 14. c3
Bb6 15. Rd1 f6 16. d4 exd4 17. cxd4 Ba5+ 18. Kf1 O-O-O 19. Qf5+ Kb8 20. Qxa5
Qxe4 21. Bd3 Qxh1+ 22. Ke2 Rhe8+ 23. Kd2 Qf3 24. Rf1 Qf4+ 25. Kc3 Qxg4 26. Rc1
Qd7 27. Kd2 b6 28. Qc3 c5 29. dxc5 dxc5 30. a3 Qg4 31. Kc2 Qa4+ 32. Kb1 h6 33.
Ka2 Qd4 34. Qxd4 Rd5 35. Qxd5 1-0

[Event "Junior Online 4NCL Division 2"]
[Site "online"]
[Date "2020.04.23"]
[Round "2.51"]
[White "Murawski, Jan"]
[Black "Collins, Adam"]
[Result "0-1"]
[WhiteElo "1630"]
[BlackElo "1760"]
[PlyCount "66"]
[EventDate "2020.04.23"]
[WhiteTeam "Ojays C"]
[BlackTeam "A6 and Chill"]

1. d4 c6 2. c4 d5 3. Nc3 Nf6 4. Bg5 dxc4 5. e4 b5 6. e5 Nd5 7. a4 Nxc3 8. bxc3
Bb7 9. Bf4 e6 10. Nf3 Nd7 11. Qb1 a6 12. Be2 Be7 13. O-O Nb6 14. Bg3 Qd7 15.
Nd2 Nxa4 16. Rxa4 bxa4 17. Nxc4 Rb8 18. Nb6 Qc7 19. Nxa4 O-O 20. Bd3 g6 21. Bf4
c5 22. Bh6 Bxg2 23. Qc2 Bxf1 24. Bxf1 Rfc8 25. Bxa6 Rd8 26. Nxc5 Bxc5 27. dxc5
Qxc5 28. Bg5 Re8 29. Bf6 Qc6 30. Bf1 Qf3 31. Qd2 Rb1 32. Qc2 Qg4+ 33. Kh1 Rxf1#
0-1

[Event "Junior Online 4NCL Division 2"]
[Site "online"]
[Date "2020.04.23"]
[Round "2.52"]
[White "Kavanagh, James"]
[Black "Domingo, Marco"]
[Result "1-0"]
[WhiteElo "1719"]
[BlackElo "1547"]
[PlyCount "91"]
[EventDate "2020.04.23"]
[WhiteTeam "A6 and Chill"]
[BlackTeam "Ojays C"]

1. d4 d5 2. Bf4 c5 3. e3 Nc6 4. c3 Nf6 5. Bd3 e6 6. Nf3 Be7 7. O-O O-O 8. Nbd2
Bd6 9. Bg3 cxd4 10. exd4 Re8 11. Re1 Nd7 12. Qc2 Bxg3 13. hxg3 g6 14. b4 a6 15.
a4 Qf6 16. b5 axb5 17. axb5 Rxa1 18. Rxa1 Ne7 19. c4 dxc4 20. Nxc4 Nc5 21. Nd6
Rd8 22. Qxc5 Bd7 23. Ne4 Qg7 24. Qxe7 Qf8 25. Nf6+ Kg7 26. Qxf8+ Kxf8 27. Nxd7+
Rxd7 28. Be4 Ke7 29. Ra7 Kd6 30. Rxb7 Rxb7 31. Bxb7 Kc7 32. Ba6 Kb6 33. Ng5 f6
34. Nxe6 Ka7 35. f4 Kb6 36. Nf8 Kc7 37. Nxh7 Kd6 38. Nxf6 Ke6 39. b6 Kd6 40. b7
Kc7 41. d5 Kb8 42. d6 g5 43. d7 gxf4 44. d8=Q+ Ka7 45. b8=Q+ Kxa6 46. Qdb6# 1-0

[Event "Junior Online 4NCL Division 2"]
[Site "online"]
[Date "2020.04.23"]
[Round "2.53"]
[White "Macabenta, Kei"]
[Black "Avetisyan, Gagik"]
[Result "0-1"]
[WhiteElo "1532"]
[BlackElo "1553"]
[PlyCount "70"]
[EventDate "2020.04.23"]
[WhiteTeam "Ojays C"]
[BlackTeam "A6 and Chill"]

1. e4 e6 2. Nf3 d5 3. exd5 exd5 4. d4 Bd6 5. Bb5+ c6 6. Bd3 Ne7 7. O-O O-O 8.
Nc3 Bf5 9. Bg5 f6 10. Be3 Nd7 11. Nh4 Bxd3 12. Qxd3 Qc7 13. Nf3 Ng6 14. g3 Nb6
15. b3 Qd7 16. Kh1 Ne7 17. Nh4 Qh3 18. Ne2 g5 19. Ng1 Qg4 20. f3 Qh5 21. Nf5
Nxf5 22. Qxf5 Bxg3 23. Nh3 Bc7 24. Rg1 Kh8 25. Raf1 Rae8 26. Rg2 Rxe3 27. Rxg5
Qf7 28. Rh5 Re2 29. Nf2 Nc8 30. Ng4 Ne7 31. Qd7 Ng6 32. Qf5 Qg7 33. Rh6 Rg8 34.
Nxf6 Qxh6 35. Nxg8 Qxh2# 0-1

[Event "Junior Online 4NCL Division 2"]
[Site "online"]
[Date "2020.04.23"]
[Round "2.54"]
[White "Hackett, William"]
[Black "Amoako, Selikem PJ"]
[Result "1-0"]
[WhiteElo "1530"]
[BlackElo "1480"]
[PlyCount "141"]
[EventDate "2020.04.23"]
[WhiteTeam "A6 and Chill"]
[BlackTeam "Ojays C"]

1. d4 Nf6 2. Bg5 d5 3. Nf3 h6 4. Bxf6 exf6 5. e3 Bf5 6. c4 Bb4+ 7. Nc3 c6 8.
Bd3 Bg4 9. h3 Bh5 10. Be2 Bg6 11. O-O O-O 12. a3 Bd6 13. cxd5 cxd5 14. Qb3 Be4
15. Qxb7 Nd7 16. Nxe4 dxe4 17. Qxe4 Re8 18. Qc2 Rc8 19. Qd2 Bb8 20. Rac1 Bc7
21. Rc2 Ba5 22. Qd3 Qb6 23. Rfc1 Qb7 24. Rxc8 Rxc8 25. Rxc8+ Qxc8 26. Qc4 Qb7
27. b4 Bc7 28. Qa6 Qb8 29. Qa4 Nb6 30. Qb3 Qe8 31. Bc4 Nxc4 32. Qxc4 Bb6 33.
Nd2 Qa4 34. Qb3 Qc6 35. Nc4 Bc7 36. a4 Kf8 37. b5 Qd5 38. Qc2 Bd8 39. Nd2 Bb6
40. Qc4 Qd6 41. Ne4 Qd7 42. Qc6 Qe7 43. Qd6 Qxd6 44. Nxd6 Ke7 45. Nc8+ Ke6 46.
Nxb6 axb6 47. Kf1 Kd5 48. Ke2 Kc4 49. Kd2 Kb4 50. d5 Kc5 51. e4 f5 52. f3 fxe4
53. fxe4 f5 54. Ke3 g6 55. g4 fxe4 56. Kxe4 Kd6 57. Kd4 h5 58. gxh5 gxh5 59. h4
Kd7 60. Ke5 Ke7 61. d6+ Kd7 62. Kd5 Kd8 63. Kc6 Kc8 64. Kxb6 Kd7 65. Kc5 Kc8
66. Kc6 Kb8 67. a5 Kc8 68. d7+ Kb8 69. d8=Q+ Ka7 70. Qd7+ Kb8 71. Qb7# 1-0

[Event "Junior Online 4NCL Division 2"]
[Site "online"]
[Date "2020.04.23"]
[Round "2.55"]
[White "Collins, Adam"]
[Black "Murawski, Jan"]
[Result "1/2-1/2"]
[WhiteElo "1760"]
[BlackElo "1630"]
[PlyCount "94"]
[EventDate "2020.04.23"]
[WhiteTeam "A6 and Chill"]
[BlackTeam "Ojays C"]

1. e4 c5 2. Nf3 d6 3. d4 cxd4 4. Nxd4 Nf6 5. Nc3 a6 6. Bg5 e5 7. Nf5 h6 8. Bxf6
Qxf6 9. Nd5 Qd8 10. Nfe3 Be7 11. g3 O-O 12. Bg2 Be6 13. O-O Nd7 14. Qd2 Nb6 15.
Nxe7+ Qxe7 16. Rad1 Rfd8 17. b3 Rac8 18. c4 Na8 19. Qb4 Qc7 20. Rd2 a5 21. Qa3
Qc5 22. Qb2 Nb6 23. Rfd1 a4 24. b4 Qc7 25. Qc3 Nxc4 26. Nxc4 Bxc4 27. a3 b5 28.
Bh3 Rb8 29. Bf1 Qc6 30. Bxc4 bxc4 31. Rd5 Rb5 32. Rxb5 Qxb5 33. Rd5 Qc6 34. b5
Qc7 35. Kg2 f5 36. f3 fxe4 37. fxe4 Rf8 38. Qc2 Qf7 39. Qe2 c3 40. Rxd6 c2 41.
Rc6 Qb3 42. Rxc2 Qxa3 43. Ra2 Qb3 44. Rb2 Qe6 45. Ra2 Qb3 46. Rb2 Qe6 47. Ra2
Qb3 1/2-1/2

[Event "Junior Online 4NCL Division 2"]
[Site "online"]
[Date "2020.04.23"]
[Round "2.56"]
[White "Domingo, Marco"]
[Black "Kavanagh, James"]
[Result "1-0"]
[WhiteElo "1547"]
[BlackElo "1719"]
[PlyCount "55"]
[EventDate "2020.04.23"]
[WhiteTeam "Ojays C"]
[BlackTeam "A6 and Chill"]

1. e4 c5 2. Nf3 d6 3. d4 cxd4 4. Nxd4 Nf6 5. Nc3 a6 6. Be3 e5 7. Nf3 Be6 8. Bd3
Be7 9. O-O O-O 10. Ng5 Bg4 11. Qd2 h6 12. Nf3 Bxf3 13. gxf3 Nh7 14. Kh1 Bg5 15.
f4 exf4 16. Bxf4 Nc6 17. Bxg5 Nxg5 18. Qe3 Ne5 19. Be2 f5 20. f4 Nxe4 21. Nxe4
fxe4 22. fxe5 d5 23. Qd4 Qd7 24. Rg1 g5 25. Qe3 Rf4 26. Raf1 Raf8 27. Rxf4 Rxf4
28. Qxf4 1-0